|
|
|
|
| LEADER |
00000nam2a2200000 4500 |
| 001 |
152430 |
| 005 |
20231031150954.0 |
| 010 |
|
|
|a 5280007897
|
| 020 |
|
|
|a RU
|b 89-11104
|
| 035 |
|
|
|a (RuTPU)RU\TPU\book\165262
|
| 035 |
|
|
|a RU\TPU\book\165248
|
| 090 |
|
|
|a 152430
|
| 100 |
|
|
|a 20090130d1989 m y0rusy5003 ca
|
| 101 |
0 |
|
|a rus
|
| 102 |
|
|
|a RU
|
| 105 |
|
|
|a a z 000ay
|
| 200 |
0 |
|
|a Т. 2
|a Блокада
|a Кн. 1 и 2
|e роман
|f худож. В. Шульженко
|
| 210 |
|
|
|d 1989
|
| 215 |
|
|
|d 22 см
|e (ил.)
|a 511 с.
|
| 461 |
|
1 |
|0 (RuTPU)RU\TPU\book\164938
|y 5-280-00159-7
|t Собрание сочинений
|o В 7 т.
|f А. Чаковский
|v Т. 2: Блокада. Кн. 1 и 2
|d 1989-
|
| 606 |
1 |
|
|a Русская литература советская
|2 stltpush
|3 (RuTPU)RU\TPU\subj\26373
|
| 610 |
1 |
|
|a русская литература
|
| 610 |
1 |
|
|a романы
|
| 675 |
|
|
|a Р2
|z rus
|v 3
|
| 702 |
|
1 |
|a Шульженко
|b В.
|4 440
|
| 801 |
|
0 |
|a RU
|b RuMRKP
|c 19950417
|g psbo
|
| 801 |
|
1 |
|a RU
|b 63413507
|c 20090129
|g PSBO
|
| 801 |
|
2 |
|a RU
|b 63413507
|c 20150202
|g PSBO
|
| 942 |
|
|
|c BK
|